Objections contre la banque territoriale avec les réponses a ces objections / (Record no. 183916)

MARC details
000 -LEADER
campo de control de longitud fija 00561nam a2200157 i 4500
001 - NÚMERO DE CONTROL
campo de control 183916
003 - IDENTIFICADOR DE NÚMERO DE CONTROL
campo de control ES-MaACL
005 - FECHA Y HORA DE LA ÚLTIMA TRANSACCIÓN
campo de control 20230906222012.0
008 - DATOS DE LONGITUD FIJA--INFORMACIÓN GENERAL
campo de control de longitud fija 141126s1868 fr |||| | fre d
100 0# - ENTRADA PRINCIPAL--NOMBRE DE PERSONA
Nombre de persona Cholet, David de.
9 (RLIN) 38599
245 10 - MENCIÓN DEL TÍTULO
Título Objections contre la banque territoriale avec les réponses a ces objections /
Mención de responsabilidad, etc. par David (de Cholet).
260 ## - PUBLICACIÓN, DISTRIBUCIÓN, ETC.
Lugar de publicación, distribución, etc. Paris :
Nombre del editor, distribuidor, etc. [s.n.],
Fecha de publicación, distribución, etc. 1868 (
Fabricante Typ. Fillet)
300 ## - DESCRIPCIÓN FÍSICA
Extensión 23 p. ;
Dimensiones 26 cm.
594 ## - Nota al título y mención de responsabilidad
Nota al título y mención de responsabilidad Autor y título tomado de principio del texto, sin portada.
852 ## - LOCALIZACIÓN
Ubicación ES-MaACL
Número de control de estantería T-1277-F-8
Nota libre .- Donat. Bosch
Holdings
Estatus retirado Estado de pérdida Estado de daño No para préstamo Colección Biblioteca de origen Biblioteca actual Ubicación en estantería Fecha de adquisición Fuente de adquisición Total de préstamos Signatura topográfica completa Código de barras Visto por última vez Precio de reemplazo Tipo de ítem Koha
        Colección de folletos Biblioteca del Ateneo de Madrid Biblioteca del Ateneo de Madrid Depósito folletos 26/11/2014     T-1277-F-8 1193391 23/02/2023 23/02/2023 Folleto